Developing a vision for ministry in the 21st century. (Record no. 15984)

000 -LEADER
fixed length control field 00597nam a2200193 a 4500
001 - CONTROL NUMBER
control field :::00018581$&:&@@
003 - CONTROL NUMBER IDENTIFIER
control field OkBaRHE
005 - DATE AND TIME OF LATEST TRANSACTION
control field 20001113103011.0
008 - FIXED-LENGTH DATA ELEMENTS--GENERAL INFORMATION
fixed length control field s1999 j 000 0 eng u
040 ## - CATALOGING SOURCE
Transcribing agency
100 1# - MAIN ENTRY--PERSONAL NAME
Personal name Malphurs, Aubrey
245 10 - TITLE STATEMENT
Title Developing a vision for ministry in the 21st century.
250 ## - EDITION STATEMENT
Edition statement 2nd
260 ## - PUBLICATION, DISTRIBUTION, ETC. (IMPRINT)
Place of publication, distribution, etc Grand Rapids, Michigan
Name of publisher, distributor, etc Baker Books
Date of publication, distribution, etc 1999
300 ## - PHYSICAL DESCRIPTION
Extent 234 p.
650 ## - SUBJECT ADDED ENTRY--TOPICAL TERM
Topical term or geographic name as entry element Pastoral theology. 2. Christian leadership.
942 ## - ADDED ENTRY ELEMENTS (KOHA)
Source of classification or shelving scheme
Koha item type Books
Copies
Price effective from Permanent Location Source of classification or shelving scheme Copy number Date acquired Koha item type Damaged status Current Location Withdrawn status Full call number Shelving location Barcode Lost status Not for loan Date last seen
2010-04-14RHEMA Bible Training College 12010-04-14Books RHEMA Bible Training College BV 7011 .M36General Stacks18581  2019-04-29